000 00494nam a2200169Ia 4500
008 240729s9999 xx 000 0 und d
022 _a2090-3820
245 0 _aEgyptian Academic Journal of Biological Sciences, H. Botany
260 _aEgypt
260 _bEgyptian Society of Biological Sciences
650 _a Biology (General) | Science
650 _a Botany
650 _aScience
856 _uhttps://doaj.org/toc/a11358b0e7804bc398c61c849a81a757
942 _2ddc
942 _cDOAJEJ
999 _c67311
_d67311
945 _a1
_bMadushi Gamage
_c1
_dMadushi Gamage